| 000 | 00779nam a22002057a 4500 | ||
|---|---|---|---|
| 005 | 20250218142046.0 | ||
| 008 | 250218b ||||| |||| 00| 0 eng d | ||
| 020 | _a9780367242329 | ||
| 040 | _cAL | ||
| 041 | _aeng | ||
| 082 |
_223 _a519.3 _bMENI |
||
| 100 |
_aElliott Mendelson _9200765 |
||
| 245 | _aIntroducing game theory and its applications | ||
| 260 |
_aLondon _bChapman and Hall/CRC _c2019 |
||
| 300 |
_a259p. _bHB _c23x15cm. |
||
| 365 |
_2General _a6388 _b₹1996.00 _c₹ _d₹2495.00 _e20% _f06/02/2025 |
||
| 520 | _aCombinatorial games; Two -person zero-sum games; The simplex method. The fundamental theorem of duality. solution of two-person zero-sum games; non-zero -sum games and k-person games. | ||
| 650 |
_2Mathematics _aGame Theory _9200766 |
||
| 942 |
_2ddc _cBK |
||
| 999 |
_c233832 _d233832 |
||